Quizz One piece (Chapitre 1-1098) - Statistiques

Statistiques générales
  • Ce quiz a été pris 1 127 fois
  • Le résultat moyen est 11 sur 15
Statistiques - réponses
Question Réponse % Correct
Qui est la première personne a avoir rejoint l'équipage de Gol D Roger ? Rayleigh
97%
Comment Kuma s'est transformé en Pacifista ? Vegapunk l'a transformé
97%
D'après Vegapunk, quelle est la malédiction engendrée par le fait de manger un fruit du démon ? Etre rejeté par la mer
96%
Qu'est ce qui énerve le plus Pica ? Qu'on se moque de sa voix aigue
94%
Quel est le vrai nom de Corazon (Petit frère de Doflamingo) Don Quixote Rosinante
90%
Pourquoi Fujitora s'est volontairement rendu aveugle ? Il ne voulait plus voir la saleté de ce monde
90%
De qui vient cette phrase ? : "Les gens ne cesseront jamais d'avoir des rêves ! Pas vrai ?" Barbe noire (Teach)
84%
Sur quelle île s'est formé il y a 44 ans l'équipage des Rocks ? L'île de la Ruche
83%
Quel est le point commun entre les porteur de la lettre "D" ? Ils meurent avec le sourire
77%
De qui Stussy est le clone ? Buckingham Stussy
68%
Quel est le nom de la troisième arme antique ? Poséidon ; Pluton et ... Uranus
67%
Comment Ener surnomme la lune ? Fairy Vearth
50%
Actuellement (15/11/2023), qui a la 7ème prime/avis de recherche la plus élevée ? (La prime des personnages décédées comptent) Mihawk
33%
Qu'est representé sur le drapeau de l'équipage de Roshio ? Un homme pendu
26%
Combien de croix, Gekomoria a-t-il sur le front 2
24%
Aucun quiz correspondant
Distribution des résultats
% des personnes avec chaque résultat
Percentile par nombre de réponses
Votre historique - résultats
Vous n’avez pas pris ce quiz